| 000 | 00361nam a2200133 4500 | ||
|---|---|---|---|
| 001 | 5910 | ||
| 005 | 20250409092702.0 | ||
| 008 | 250409b | ||
| 020 | _a99936-638-0-8 | ||
| 245 | 0 | 0 |
_aOn The Wings of the Blacked Necked Crane : _ban anthology of momola's oral stories re-told / |
| 260 | 0 | 0 |
_aBhutan : _bDechen Dolkar, _cn.d. |
| 300 | 0 | 0 | _aPg.68 : ill. |
| 942 |
_2ddc _cMAIN |
||
| 999 |
_c10209 _d10210 |
||